Státní okresní archiv Česká Lípa v nové budově

Titel: Státní okresní archiv Česká Lípa v nové budově
Verfasser:
In: Bezděz, Band 9 (2000), Seite 471-478
alle Artikel anzeigen
Veröffentlicht: 2000
Format: Aufsatz
Sprache: Tschechisch
Kein Bild verfügbar
X
alg: 39308895
001A    $01999:11-11-16 
001B    $01999:28-04-17 $t15:32:09.000 
001C    $06050:19-11-16 $t22:31:01.000 
001D    $01999:11-11-16 
001U    $0utf8 
001X    $00 
002@    $0Aox 
003@    $0393088952 
007A    $0393088952 $aHEB 
007T    $0Herdp21803 
010@    $acze 
011@    $a2000 
021A    $aStátní okresní archiv Česká Lípa v nové budově 
028A    $aBlažková $dJana 
031A    $d9 $h471-478 $j2000 
039B    $aIn $8--Abvc--. Bezděz. - Česká Lípa, 1990-. - ISSN 1211-9172 $x200000000090000529 $905908720X 
045T    $a7,41 

lok: 39308895 78

exp: 39308895 78 1 #EPN
201B/01 $002-07-21 $t00:06:34.000 
201U/01 $0utf8 
203@/01 $0789199270 
208@/01 $a11-11-16 $be 
209A/01 $a/ $f000 $x00 
220C/01 $aHerkunft: Hú Av Čr Praha 
244Z/01 $#Tschechien $#Tschechische Republik $#Tschechische Republik $#Tschechenland $#Tschechei Tschechien $#Česká Republika $#Czech Republic $#ČR $74303381-7 $8--Tg1--Tschechien $x01 $9086659812 
244Z/01 $2Trx $#Böhmen $#Bohemia $#Czechy $8--Trx--Čechy $x02 $9391188941 
244Z/01 $7117945-7 $8--Tg1--Česká Lípa $x03 $9040686248 
244Z/01 $#Okres Česká Lípa $#Česká Lípa, Okresní Úřad Okres $#Okresní Úřad Česká Lípa, Okres $#Česká Lípa, Kreisamt Okres $#Kreisamt Česká Lípa, Okres $710180096-4 $8--Tg1--Česká Lípa$gOkres $x04 $9190247541 
244Z/01 $2Trx $#arhiivid riigi- $#valstybiniai archyvai $#Archives state $#levéltárak állami- $#archiwa państwowe $#archívy štátne $#archivy státní $#Staatsarchive $#Landesarchive $#public records office $8--Trx--Archive$gStaats- $x05 $9391371029 
244Z/01 $2Trx $8--Trx--Zeitschriftenaufsatz $x06 $9391384341 
247C/01 $82080>Marburg/Lahn, Herder-Institut, Forschungsbibliothek, Bibliographieportal $9336309341
LEADER 00000caa a22000002c 4500
001 393088952
003 DE-603
005 20170428153209.0
007 tu
008 161111s2000 xx |||| | u00||u|cze c
035 |a (DE-599)HEB393088952 
040 |a DE-603  |b ger  |c DE-603  |d DE-603 
041 |a cze 
084 |a 7,41  |2 ssgn 
100 1 |a Blažková, Jana 
245 0 0 |a Státní okresní archiv Česká Lípa v nové budově 
264 0 |c 2000 
773 0 8 |i In  |t Bezděz  |d Česká Lípa, 1990-  |x 1211-9172  |g Band 9 (2000), Seite 471-478  |w (DE-603)05908720X  |w (DE-600)1136222-4 
924 0 |9 2080  |a (DE-603)789199270  |b DE-2080  |c HES  |d d  |g /